banner-ar

المجتمع المدنى والتحول الديموقراطى فى فلسطين / (Record no. 66034)

MARC details
000 -الفاتح
حقل البيانات ثابتة الطول 00706nam a2200217Ia 4500
005 - وقت وتاريخ اخر تعامل مع التسجيلة
رقم الضبط 20240530110856.0
008 - عناصر البيانات ثابتة الطول - معلومات عامة
حقل البيانات ثابتة الطول 140319s9999 xx 000 0 ara d
040 ## - مصدر الفهرسة
وكالة الفهرسة الأصلية GCL /
وكالة النسخ GCL
082 04 - رقم تصنيف ديوى العشرى
رقم التصنيف 301.5
رقم المادة ز م
100 0# - المدخل الرئيسى - إسم شخصى
الإسم الشخصى زياد ابوعمرو
245 10 - بيان العنوان
العنوان المجتمع المدنى والتحول الديموقراطى فى فلسطين /
بيان المسئوليه,etc زياد ابوعمرو
260 ## - PUBLICATION, DISTRIBUTION, ETC. (IMPRINT)
تاريخ النشر أو التوزيع 1995
300 ## - الوصف المادى
التعداد 138 ص
650 04 - المدخل الاضافى بالموضوع-مصطلح موضوعى
مصطلح موضوعي الفلسطين
650 04 - المدخل الاضافى بالموضوع-مصطلح موضوعى
مصطلح موضوعي المجتمع المدنى
650 04 - المدخل الاضافى بالموضوع-مصطلح موضوعى
مصطلح موضوعي الهيئات
650 04 - المدخل الاضافى بالموضوع-مصطلح موضوعى
مصطلح موضوعي الجمعيات
700 1# - المدخل الاضافى - اسم شخصى
الإسم الشخصى منيرة احمد فخرو
942 ## - عناصر المدخل الإضافي( كوها)
مصدر التصنيف او مخطط الترفيف Dewey Decimal Classification
Koha [default] item type كتاب
260 ## - PUBLICATION, DISTRIBUTION, ETC. (IMPRINT)
-- القاهرة :
-- دار الامين للنشر والتوزيع ،
Holdings
حالة التراجع حالة الفقد مصدر التصنيف او خطة الترفيف حالة تلف ليس للاعارة المكان المؤقت الموقع الحالى موقع الترفيف تاريخ الاكتساب اجمالي اﻻعارات رقم الطلب الباركود تاريخ اخر مشاهدة تاريخ تفعيل السعر نوع وعاء كوها
    ddc     مكتبة القاهرة الكبرى مكتبة القاهرة الكبرى القاعة الرئيسية 10/30/2021   301.5\ ز م 167186 10/30/2021 10/30/2021 كتاب

Powered By

EGPV